000 03003nab a2200301 i 4500
003 BR-BrBNA
005 20241208115225.0
008 241208b2024 bl.ar|pooa||| 00| 0 eng |
040 _aBR-BrBNA
_beng
072 _aF01
_b2120
100 _aCarrafa, Militino Paiva
100 _aMorais, Letícia Galvão
100 _aSchmildt, Omar
100 _aSchmildt, Edilson Romais
245 _aOptimal plot size with conilon LB1 coffee tree clonal seedlings produced in tubes1
500 _aPublicação online; 28 ref.; 4 tables; Summaries (En, Pt)
520 _a ABSTRACT - In experimental studies, achieving an optimal plot configuration holds significant importance. This study aimed to establish suitable experimental plot sizes for evaluating agronomic traits of clone LB1 conilon coffee seedlings grown in tubes. Both non-destructive and destructive traits were evaluated using seedlings obtained from a nursery, with each seedling allocated to basic experimental units. A completely randomized block design was used and various scenarios were generated based on combinations of treatments (3, 4, 5, 6, 7, 8, 9, 10, 15, 20, 25, 30, 35 and 40), replicates (3, 4, 5, 6 and 7) and levels of experimental precision (10, 20, 30 and 40 %). Convenient plot size recommendations were obtained for clone LB1 conilon coffee seedlings grown in tubes. KEYWORD: Coffea canephora Pierre ex A. Froehner, Rubiaceae, experimental accuracy
520 _a RESUMO - Tamanho ótimo de parcela com mudas clonais de cafeeiro conilon LB1 produzidas em tubetes - Em estudos experimentais, alcançar uma configuração ideal de parcela é de importância significativa. Objetivou-se estabelecer tamanhos de parcelas experimentais adequados para a avaliação de características agronômicas de mudas do clone LB1 de café conilon cultivadas em tubetes. Tanto as características não destrutivas quanto as destrutivas foram avaliadas a partir de mudas obtidas em viveiro, sendo cada muda alocada em unidades experimentais básicas. Utilizou-se delineamento de blocos inteiramente casualizados e vários cenários foram gerados com base em combinações de tratamentos (3, 4, 5, 6, 7, 8, 9, 10, 15, 20, 25, 30, 35 e 40), repetições (3, 4, 5, 6 e 7) e níveis de precisão experimental (10, 20, 30 e 40 %). Obtiveram-se recomendações convenientes de tamanho de parcela para mudas do clone LB1 de café conilon cultivadas em tubetes. PALAVRAS-CHAVE: Coffea canephora Pierre ex A. Froehner, Rubiaceae, precisão experimental.
650 _aCAFÉ
650 _aMUDA
650 _aPARCELA EXPERIMENTAL
650 _aCARACTERÍSTICAS AGRONÔMICAS
650 _aTUBETE
773 0 _03248
_9317349
_dGoiânia-GO UFG. Escola de Agronomia 1999
_o2024-4001
_tPesquisa Agropecuária Tropical (Brazil)
_x1517-6398
_gv. 54 p. 1-7; (2024)
_wBR2024003936
856 _uhttps://www.scielo.br/j/pat/a/6gjZfh6PnFXGT4WndPGt3wL/?format=pdf&lang=en
942 _cANA
999 _c329093
_d329093